Statistics for Types of Vitamins

Click here to take the quiz!

General Stats

  • This quiz has been taken 142 times
  • The average score is 11 of 13

Answer Stats

HintType% Correct
VitaminA
100%
VitaminC
99%
VitaminD
99%
VitaminE
96%
VitaminK
88%
VitaminB1
83%
VitaminB12
82%
VitaminB2
79%
VitaminB3
78%
VitaminB6
78%
VitaminB7
78%
VitaminB9
77%
VitaminB5
76%

Score Distribution

Percentile by Number Answered

Percent of People with Each Score

Your Score History

You have not taken this quiz